000 00340nam a2200157Ia 4500
008 240830s1900 xx 000 0 und d
041 _amar
082 _a1
100 _aMEDICA
245 _aMANUAL OF MIDVAEFARI
250 _a1
260 _bN.D.
_c1900
300 _a100p
906 _aMANUAL OF MIDVAEFARI
999 _c1183900
_d1183900